Robin Hoods chase. Or, A merry progress between Robin Hood and King Henry : Shewing how robin Hood led the King his chase, from London to London, and when he had spoken with the Queen, he returned to merry Sherewood. To the tune of, Robin Hood and the beggar.

Bibliographic Details
Main Author: Robins, Thomas, fl. 1672-1685
Format: eBook
Language:English
Published: London : printed for F. Coles, T. Vere, J. Wright, and J. Clarke, [1679]
Series:Early English books online.
Subjects:
Online Access:Connect to the full text of this electronic book

MARC

Tag First Indicator Second Indicator Subfields
LEADER 00000nam a2200000 4500
001 in00004319913
005 20200812075636.0
006 m g d
007 cr bn |||a|bb|
008 950309s1679 enk o 00| | eng d
035 |a (UnM)99827723 
037 |a CL0037000084  |b ProQuest Information and Learning. 300 N. Zeeb Rd., Ann Arbor, MI 48106 
040 |a Cu-RivES  |c Cu-RivES  |d CStRLIN  |e dcrb  |d WaOLN 
100 1 |a Robins, Thomas,  |d fl. 1672-1685. 
245 1 0 |a Robin Hoods chase. Or, A merry progress between Robin Hood and King Henry :  |b Shewing how robin Hood led the King his chase, from London to London, and when he had spoken with the Queen, he returned to merry Sherewood. To the tune of, Robin Hood and the beggar. 
246 2 |a Robin Hoods chase 
246 2 |a Merry progress between Robin Hood and King Henry. 
260 |a London :  |b printed for F. Coles, T. Vere, J. Wright, and J. Clarke,  |c [1679] 
300 |a 1 online resource (1 sheet ([1] pages) :  |b illustrations. 
336 |a text  |b txt  |2 rdacontent 
337 |a computer  |b c  |2 rdamedia 
338 |a online resource  |b cr  |2 rdacarrier 
500 |a Verse - "Come you gallants all, to you I do call". 
500 |a Place of publication from Wing, which estimates 1674-1679 as publication date. 
500 |a Reproduction of the original in the British Library. 
510 4 |a Wing (2nd edition)  |c R1657G. 
533 |a Electronic reproduction.  |b Ann Arbor, Mich. :  |c UMI,  |d 1999-  |f (Early English books online)  |n Digital version of: (Early English books, 1641-1700 ; 21232:14-15)  |7 s1999 miun s 
650 0 |a Ballads, English  |y 17th century. 
650 0 |a Robin Hood (Legendary character)  |v Poetry  |v Early works to 1800. 
830 0 |a Early English books online. 
856 4 0 |u http://proxy.library.tamu.edu/login?url=https://search.proquest.com/docview/2248497883  |z Connect to the full text of this electronic book  |t 0 
999 f f |s f3cbeff1-9108-3d49-b30c-8788c710c277  |i c0b643d9-b3a5-3170-89e0-b89955588c83  |t 0 
952 f f |a Texas A&M University  |b College Station  |c Electronic Resources  |d Available Online  |t 0  |h No information provided 
998 f f |t 0  |l Available Online